LEADER 01516nam0-22003851i-450- 001 990006892800403321 005 20001010 010 $a90-272-1630-4 035 $a000689280 035 $aFED01000689280 035 $a(Aleph)000689280FED01 035 $a000689280 100 $a20001010d--------km-y0itay50------ba 101 0 $aita 105 $ay-------001yy 200 1 $aTranslators'strategies and creativity selected papers from the 9th international conference on translation and interpretingPrague, september 1995. In honor of Jiri Levy and Anton Popovic$fEdited by Ann Beylard-Ozeroff, Jana Kralova, Barbara Moser-Mercer 210 $aAmsterdam$cJohn Benjamins publishing company$d1998. 215 $aXIII, 227 p.$d22 cm 225 1 $aBenjamins translation library$v27 610 0 $aTraduzione e interpretazione - Congressi 676 $a418 702 1$aBeylard-Ozeroff,$bAnn 702 1$aKralova,$bJana 702 1$aPopovic,$bAnton 702 1$alevy$bjiri 702 1$amoser-Mercer$bBarbara 710 12$aINTERNATIONAL CONFERENCE ON TRANSLATION AND INTERPRETING. 9., Praga, 1995$0254166 801 0$aIT$bUNINA$gRICA$2UNIMARC 901 $aBK 912 $a990006892800403321 952 $aCOLLEZ.1874 (27)$b34616$fFSPBC 959 $aFSPBC 996 $aTranslators'strategies and creativity selected papers from the 9th international conference on translation and interpretingPrague, september 1995. In honor of Jiri Levy and Anton Popovic$9629087 997 $aUNINA DB $aGEN01 LEADER 00806nam0-22002891i-450- 001 990003830070403321 010 $a3-540-66817-9 035 $a000383007 035 $aFED01000383007 035 $a(Aleph)000383007FED01 035 $a000383007 100 $a20010709d2000----km-y0itay50------ba 101 0 $aeng 200 1 $aComputable analysis$ean introduction$fKlaus Weihrauch 210 $aBerlin$cSpringer$d2000 215 $ax, 285 p.$d24 cm 225 1 $aText in theoretical computer science$v45 610 0 $aAnalisi funzionale 676 $a515.7 700 1$aWeihrauch,$bKlaus$f<1943- >$048554 801 0$aIT$bUNINA$gRICA$2UNIMARC 901 $aBK 912 $a990003830070403321 952 $aMXI-A-101$b8363$fMAS 959 $aMAS 996 $aComputable analysis$9508154 997 $aUNINA